1898, el año del desastre / (Record no. 15117)

MARC details
000 -LEADER
campo de control de longitud fija 00916nam a2200277 i 4500
001 - NÚMERO DE CONTROL
campo de control 15117
003 - IDENTIFICADOR DE NÚMERO DE CONTROL
campo de control ES-MaACL
005 - FECHA Y HORA DE LA ÚLTIMA TRANSACCIÓN
campo de control 20240507144601.0
007 - CAMPO FIJO DE DESCRIPCIÓN FÍSICA--INFORMACIÓN GENERAL
campo de control de longitud fija t|
008 - DATOS DE LONGITUD FIJA--INFORMACIÓN GENERAL
campo de control de longitud fija 991222s1998 sp ||||1| spa d
020 ## - NÚMERO INTERNACIONAL ESTÁNDAR DEL LIBRO
Número Internacional Estándar del Libro 84-605-7522-5
080 ## - NÚMERO DE LA CLASIFICACIÓN DECIMAL UNIVERSAL
Número de la Clasificación Decimal Universal 821.134.2-293.7"19"
100 1# - ENTRADA PRINCIPAL--NOMBRE DE PERSONA
Nombre de persona Porto, Juan Antonio,
Fechas asociadas al nombre 1937-2021
9 (RLIN) 93285
245 10 - MENCIÓN DEL TÍTULO
Título 1898, el año del desastre /
Mención de responsabilidad, etc. guión original de Juan Antonio Porto, sobre un argumento de Ramiro Gómez.
250 ## - MENCION DE EDICION
Mención de edición 1ª ed.
260 ## - PUBLICACIÓN, DISTRIBUCIÓN, ETC.
Lugar de publicación, distribución, etc. Madrid :
Nombre del editor, distribuidor, etc. Imaginógrafo,
Fecha de publicación, distribución, etc. 1998.
300 ## - DESCRIPCIÓN FÍSICA
Extensión 269 p. :
Otras características físicas il. col. ;
Dimensiones 24 cm.
490 1# - MENCIÓN DE SERIE
Mención de serie Escrito para el cine ;
Designación de volumen o secuencia 1
651 #4 - PUNTO DE ACCESO ADICIONAL DE MATERIA--NOMBRE GEOGRÁFICO
Nombre geográfico España-
Subdivisión general Historia-
Subdivisión cronológica 1898
9 (RLIN) 8272
655 #7 - TERMINO DE INDIZACIÓN--GENERO/FORMA
Fuente del término tgfbne
Datos o término principal de género/forma Guiones cinematográficos
9 (RLIN) 234355
700 1# - ENTRADA AGREGADA--NOMBRE PERSONAL
Nombre de persona Gómez Bermúndez de Castro, Ramiro.
9 (RLIN) 57839
830 1# - PUNTO DE ACCESO ADICIONAL DE SERIE-TÍTULO UNIFORME
Título uniforme Escrito para el cine ;
Designación de volumen o secuencia 1
9 (RLIN) 228558
852 ## - LOCALIZACIÓN
Ubicación ES-MaACL
Número de control de estantería L-22403
942 ## - ELEMENTOS DE ENTRADA SECUNDARIOS (KOHA)
Fuente del sistema de clasificación o colocación Clasificación decimal universal
Holdings
Estatus retirado Estado de pérdida Estado de daño No para préstamo Biblioteca de origen Biblioteca actual Ubicación en estantería Fecha de adquisición Fuente de adquisición Total de préstamos Signatura topográfica completa Código de barras Visto por última vez Precio de reemplazo Tipo de ítem Koha
        Biblioteca del Ateneo de Madrid Biblioteca del Ateneo de Madrid Depósito 2 17/01/2008     L-22403 1015373 23/02/2023 23/02/2023 Libro impreso